ბათუმის შოთა რუსთაველის სახელმწიფო უნივერსიტეტის ბიბლიოთეკა

საკითხები პროპედევტიკური კურსიდან ძველი და XIX საუკუნის ლიტერატურის ისტორიაში (ბიბ.ჩანაწერი № 43441)

000 -LEADER
fixed length control field 01057nam a2200229Ia 4500
001 - CONTROL NUMBER
control field 10171
003 - CONTROL NUMBER IDENTIFIER
control field GE_BSU
008 - FIXED-LENGTH DATA ELEMENTS--GENERAL INFORMATION
fixed length control field 181216s||||||||xx |||||||||||||| ||und||
020 ## - INTERNATIONAL STANDARD BOOK NUMBER
International Standard Book Number 9789994052493
040 ## - CATALOGING SOURCE
Transcribing agency GE_BSU
080 ## - UNIVERSAL DECIMAL CLASSIFICATION NUMBER
Universal Decimal Classification number 821.353.1'01.09
245 ## - TITLE STATEMENT
Title საკითხები პროპედევტიკური კურსიდან ძველი და XIX საუკუნის ლიტერატურის ისტორიაში
245 ## - TITLE STATEMENT
Remainder of title ძვ.ქართ.ლიტ.;ახ.ქართ.ლიტ.ისტორია
245 ## - TITLE STATEMENT
Statement of responsibility, etc. რედ.ოთარ გიორგაძე
260 ## - PUBLICATION, DISTRIBUTION, ETC.
Place of publication, distribution, etc. ქუთაისი
260 ## - PUBLICATION, DISTRIBUTION, ETC.
Name of publisher, distributor, etc. უნივერსიტეტის გამ–ბა
260 ## - PUBLICATION, DISTRIBUTION, ETC.
Date of publication, distribution, etc. 2007
300 ## - PHYSICAL DESCRIPTION
Extent 263გვ.20სმ.
653 ## - INDEX TERM--UNCONTROLLED
Uncontrolled term საკითხები პროპედევტიკური კურსიდან ძველი და XIX საუკუნის ლიტერატურის ისტორიაში
942 ## - ADDED ENTRY ELEMENTS (KOHA)
Koha item type წიგნი
ეგზემპლარები
Withdrawn status Lost status Damaged status Not for loan Date acquired Barcode Date last seen Price effective from Koha item type
        2018-12-17 33814 2018-12-17 2018-12-17 წიგნი